Statistiques concernant Mots difficiles en A

Cliquez ici pour prendre le quiz!

Statistiques générales

  • Ce quiz a été pris 319 fois
  • Le résultat moyen est 12 sur 15

Statistiques - réponses

QuestionRéponse% Correct
Archétype (nom)Modèle qui sert de référence
97%
Altruiste (adjectif)Qui se soucie des autres sans rien demander en retour
94%
Antépénultième (adjectif)Avant-avant dernier
93%
Amenuiser (verbe)Rendre plus mince
88%
Alcôve (nom)Renfoncement dans le mur creusé pour y mettre un lit
88%
Almanach (nom)Calendrier reprenant les grandes dates festives
87%
Adage (nom)Maxime populaire
86%
Agnostique (adjectif)Est sceptique de l'existence d'une puissance supérieure
82%
Amirauté (nom)Haut commandement de la marine
73%
Anthologie (nom)Recueil d'œuvres partageant de mêmes caractéristiques
71%
Astéride (nom)Étoile de mer
68%
Antimoine (nom)Élément chimique
62%
Affable (adjectif)Qui accueille aimablement
59%
Anaphylaxie (nom)Réaction allergique puissante
57%
Aphorisme (nom)Courte phrase qui résume une vérité fondamentale
47%

Distribution des résultats

Percentile par nombre de réponses

% des personnes avec chaque résultat

Votre développement - résultats

Vous n’avez pas pris ce quiz